000 00769nam a2200241 i 4500
001 C2-0302339
003 PPAK
005 20180728083410.0
008 100121s1999 xxca|||| ||||| | eng d
020 _a1575420686
040 _aPPAK
_beng
_cPPAK
_erda
082 0 4 _a158.083421
_223
090 0 0 _a158.083421
_bKAU
_dLCK
100 1 _aKaufman, Gershen,
_eauthor
245 1 0 _aStick up for yourself:
_bevery kid's guide to personal power and positive self-esteem
264 1 _aCanada :
_bFree Spirit Publishing Inc ,
_c1999
300 _aviii, 117 pages :
_billustrations ;
_c22 cm
336 _2rdacontent
_atext
337 _2rdamedia
_aunmediated
338 _2rdacarrier
_avolume
650 1 0 _aAssertiveness (psychology)-Juvenile literature
942 _ddc
_cB
999 _c106002
_d106002